Návody na praktické cvičenia zo štatistických metód
| Hlavní autor: | Šmelko, Štefan, 1930- |
|---|---|
| Jazyk: | Slovenština |
| Vydáno: |
Bratislava, 1959 |
| LEADER | 00520nam a22001692a 4500 | ||
|---|---|---|---|
| 001 | 000167250 | ||
| 003 | CZ BrMZK | ||
| 005 | 19961101143423.0 | ||
| 007 | ta | ||
| 008 | 950101s1959 xo f slo d | ||
| 040 | |a BOA001 |b cze | ||
| 100 | 1 | |a Šmelko, Štefan, |d 1930- |7 jx20040421007 | |
| 245 | 1 | 0 | |a Návody na praktické cvičenia zo štatistických metód |
| 260 | |a Bratislava, |c 1959 | ||
| 910 | |a BOA001 |b 4-0421.767 | ||
| 990 | |a BK | ||
| 996 | 7 | |b 2619938064 |c 4-0421.767 |l MZK |r Sklad / do 24 hodin |n 3 |w 000167250 |u 000010 |a 1 |e BOA001 |j MZK50 |s A | |
English
Čeština 